Diseno y construccion de una torre de enfriamiento de efecto inducido por rociado.
Zapisane w:
| 1. autor: | |
|---|---|
| Format: | Książka |
| Wydane: |
[San José , Costa Rica]
1994
|
| Hasła przedmiotowe: | |
| Etykiety: |
Dodaj etykietę
Nie ma etykietki, Dołącz pierwszą etykiete!
|
MARC
| LEADER | 00000nam a2200000Ia 4500 | ||
|---|---|---|---|
| 003 | 007696 | ||
| 005 | 20221231144253.0 | ||
| 008 | 140114s1994 cr a m 000 ||s d | ||
| 040 | |c cru CEDI | ||
| 090 | |a TFG 3295 | ||
| 100 | |a Sánchez Quesada, Rafael Alberto |9 10688 | ||
| 245 | |a Diseno y construccion de una torre de enfriamiento de efecto inducido por rociado. | ||
| 260 | |c 1994 |a [San José , Costa Rica] | ||
| 300 | |a xiv, 215 hojas : ilustraciones. | ||
| 500 | |a Tesis (licenciatura en ingenieria mecanica)--Universidad de Costa Rica. Facultad de Ingeniería. Escuela de Ingenieria Mecanica | ||
| 650 | |x TORRES DE ENFRIAMIENTO - DISEÑO Y CONSTRUCCION |9 10544 | ||
| 942 | |c TFG | ||
| 999 | |c 19375 |d 19375 | ||
